Città dell'Europeo 2024 - Statistics

Statistiche generali
  • Questo quiz è stato fatto 23 volte
  • Il punteggio medio è 8 su 10
Statistiche sulle risposte
con Immagini Risposta % Corretto
Berlino
100%
Francoforte sul Meno
100%
Monaco di Baviera
94%
Amburgo
89%
Dortmund
83%
Colonia
78%
Stoccarda
78%
Lipsia
72%
Düsseldorf
67%
Gelsenkirchen
44%
Nessun quiz corrispondente trovato
Distribuzione punteggi
Percentuale di utenti per punteggio
Percentile per numero di risposta
I tuoi punteggi nel tempo
Non hai fatto questo quiz